000 00326 a2200109 4500
999 _c322923
_d322923
001 87850
003 NUST
005 20180124140754.0
008 180124b xxu||||| |||| 00| 0 eng d
082 _a629.1300924 JOH
245 _aKelly
_bMore Than My Share of it All
_cClarence l. Kelly Johnson,Maggie Smith
_hEnglish
250 _a1st
260 _aWashington
_bSmithsonian Books
_c1989
942 _aCAE NUST
_cBK
_k629.1300924 JOH
_2ddc